[Event "Dulles Cherry Blossom op"]
[Site "Dulles"]
[Date "2022.05.29"]
[Round "6"]
[White "Ling, Evan M"]
[Black "Samuelson, Andrew"]
[Result "0-1"]
[WhiteElo "2009"]
[BlackElo "2164"]
[PlyCount "120"]
[EventDate "2022.05.26"]
[EventType "swiss"]
[EventRounds "9"]
[EventCountry "USA"]
[SourceTitle "CBM 208 Extra"]
[Source "ChessBase"]
[SourceDate "2022.07.31"]
[SourceVersion "1"]
[SourceVersionDate "2022.07.31"]
[SourceQuality "1"]

1. e4 c5 2. Nf3 d6 3. d4 cxd4 4. Qxd4 a6 5. Be2 Nc6 6. Qe3 g6 7. 0-0 Bg7 8. h3 Nf6 9. Rd1 Bd7 10. c4 0-0 11. Nc3 Rc8 12. Bd2 Qc7 13. Rac1 Qb8 14. Be1 Rfe8 15. b3 h6 16. Nd5 Nxd5 17. exd5 Na7 18. Ba5 e6 19. dxe6 Rxe6 20. Qd2 Rce8 21. Bf1 Nc6 22. Bc3 Rd8 23. Qf4 Ne5 24. Nd4 g5 25. Qg3 Rg6 26. Bd3 Nxd3 27. Qxd3 Qc8 28. Ne2 Bf5 29. Qg3 Re8 30. Bxg7 Kxg7 31. Qc3+ Kh7 32. Ng3 Bd7 33. Nh5 Ree6 34. Rd5 Bc6 35. Rf5 Re1+ 36. Rxe1 Qxf5 37. g4 Qf3 38. Qxf3 Bxf3 39. Re7 Bc6 40. Rxf7+ Kg8 41. Rf6 Rxf6 42. Nxf6+ Kf7 43. Nh5 Be4 44. a3 Bc2 45. b4 b6 46. f4 Bd3 47. Kf2 Bxc4 48. Ng3 d5 49. Ke3 Kf6 50. fxg5+ Kxg5 51. Kd4 b5 52. Nf5 h5 53. Ne3 h4 54. Ke5 Be2 55. Nxd5 Bxg4 56. hxg4 h3 57. Nc3 h2 58. Ne4+ Kxg4 59. Kd4 Kf3 60. Ng5+ Kg2 0-1

[Event "Dulles Colonial op 3rd"]
[Site "Dulles"]
[Date "2022.04.16"]
[Round "7"]
[White "Samuelson, Andrew"]
[Black "Nyzhnyk, Illya"]
[Result "0-1"]
[WhiteElo "2158"]
[BlackElo "2685"]
[PlyCount "70"]
[EventDate "2022.04.13"]
[EventType "swiss"]
[EventRounds "9"]
[EventCountry "USA"]
[SourceTitle "CBM 207 Extra"]
[Source "ChessBase"]
[SourceDate "2022.05.31"]
[SourceVersion "1"]
[SourceVersionDate "2022.05.31"]
[SourceQuality "1"]

1. e4 c6 2. d4 d5 3. e5 Bf5 4. Nd2 e6 5. Nb3 Nd7 6. Nf3 a6 7. Be2 c5 8. dxc5 Be4 9. Nbd4 Bxc5 10. 0-0 Ne7 11. Bf4 Ng6 12. Bg3 Qb6 13. Nb3 Bxf3 14. Bxf3 Ngxe5 15. Bh5 Bd6 16. Re1 0-0 17. a4 Nc4 18. a5 Qc7 19. Qd4 Rac8 20. Be2 Bxg3 21. hxg3 Rfd8 22. Bd3 Nf6 23. f4 Ne8 24. Kf2 Ned6 25. Rh1 h6 26. Rxh6 gxh6 27. Qf6 Ne4+ 28. Bxe4 dxe4 29. Rh1 Rd2+ 30. Nxd2 Qc5+ 31. Kf1 Nxd2+ 32. Ke2 Qxc2 33. Rxh6 Nc4+ 34. Kf1 Qd1+ 35. Kf2 e3# 0-1

[Event "USA National op 51st"]
[Site "ICC INT"]
[Date "2020.11.28"]
[Round "5"]
[White "Rajesh, CS."]
[Black "Samuelson, Andrew"]
[Result "0-1"]
[WhiteElo "2150"]
[BlackElo "2111"]
[PlyCount "198"]
[EventDate "2020.11.27"]
[EventType "swiss"]
[EventRounds "9"]
[EventCountry "USA"]
[SourceTitle "CBM 199 Extra"]
[Source "ChessBase"]
[SourceDate "2021.01.31"]
[SourceVersion "1"]
[SourceVersionDate "2021.01.31"]
[SourceQuality "1"]

1. c4 c5 2. Nc3 b6 3. Nf3 Bb7 4. g3 Nf6 5. Bg2 e6 6. 0-0 Be7 7. d3 d6 8. a3 0-0 9. b4 Nbd7 10. bxc5 Nxc5 11. a4 a6 12. Rb1 Qc7 13. Ba3 Rac8 14. Bxc5 bxc5 15. Qb3 Rb8 16. Qc2 Bc6 17. Rxb8 Rxb8 18. Rb1 Rb4 19. Nd2 Be8 20. Bf3 h5 21. h3 h4 22. g4 Nd7 23. Na2 Rb8 24. Rxb8 Qxb8 25. Qb1 Qxb1+ 26. Nxb1 Ne5 27. Bb7 Bxa4 28. Bxa6 Bc6 29. Nac3 g5 30. Bb5 Bb7 31. Nd2 Ng6 32. e3 Kg7 33. Ba4 Ne5 34. Bc2 Nc6 35. Bd1 Nb4 36. Be2 f5 37. d4 cxd4 38. exd4 Kf6 39. Kf1 Bc6 40. Bf3 Be8 41. gxf5 exf5 42. Nd5+ Nxd5 43. Bxd5 Bd8 44. Nb3 Ba4 45. c5 dxc5 46. Nxc5 Bb5+ 47. Kg2 Ba5 48. Bf3 Bc3 49. d5 Ke5 50. Ne6 Bd2 51. Ng7 Bd7 52. Ne6 Bc8 53. Kg1 Bb7 54. Ng7 Bb4 55. Ne6 Bd2 56. Ng7 Bc8 57. Ne6 Bb4 58. Be2 Be7 59. f4+ gxf4 60. Bf3 Bd6 61. Kg2 Ba6 62. Ng5 Be7 63. Ne6 Bd3 64. Nc7 Be4 65. Nb5 Kxd5 66. Nc3+ Kd4 67. Nd1 Bb4 68. Kf2 Kd3 69. Nb2+ Kc3 70. Nd1+ Kd2 71. Nb2 Bc5+ 72. Kg2 Bd4 73. Nc4+ Kd3 74. Nd6 Bc5 75. Nb7 Bb4 76. Kf2 Be7 77. Na5 Bc5+ 78. Kg2 Bb6 79. Nc6 Ke3 80. Ne5 Bd4 81. Nc4+ Kd3 82. Nd6 Bb6 83. Nf7 Ke3 84. Ne5 Bc7 85. Nc4+ Kd3 86. Nb2+ Kc3 87. Nd1+ Kd2 88. Nb2 Bb8 89. Kf2 Ba7+ 90. Kg2 Bd4 91. Nc4+ Kd3 92. Nd6 Bc5 93. Nb7 Bb4 94. Kf2 Kd2 95. Bg2 Bxg2 96. Kxg2 Ke2 97. Nd8 f3+ 98. Kh2 f2 99. Nf7 f1Q 0-1

[Event "USA National op 51st"]
[Site "ICC INT"]
[Date "2020.11.28"]
[Round "6"]
[White "Samuelson, Andrew"]
[Black "Zhang, Samuel"]
[Result "1-0"]
[WhiteElo "2111"]
[BlackElo "2033"]
[PlyCount "51"]
[EventDate "2020.11.27"]
[EventType "swiss"]
[EventRounds "9"]
[EventCountry "USA"]
[SourceTitle "CBM 199 Extra"]
[Source "ChessBase"]
[SourceDate "2021.01.31"]
[SourceVersion "1"]
[SourceVersionDate "2021.01.31"]
[SourceQuality "1"]

1. e4 c5 2. Nf3 d6 3. d4 cxd4 4. Nxd4 Nf6 5. Nc3 a6 6. Be3 e5 7. Nb3 Be7 8. f3 Be6 9. Qd2 0-0 10. 0-0-0 Nbd7 11. g4 b5 12. g5 Nh5 13. Nd5 Bxd5 14. exd5 f5 15. gxf6 Bxf6 16. Na5 Nb6 17. Kb1 Qc7 18. Bh3 e4 19. Bxb6 Qxb6 20. fxe4 b4 21. Nc6 Bc3 22. Qg5 Nf4 23. Bf5 Ne2 24. Bxh7+ Kxh7 25. Qh5+ Kg8 26. Ne7# 1-0

[Event "USA National op 51st"]
[Site "ICC INT"]
[Date "2020.11.27"]
[Round "2"]
[White "Samuelson, Andrew"]
[Black "Zeng, Sheena"]
[Result "1/2-1/2"]
[WhiteElo "2111"]
[BlackElo "2065"]
[PlyCount "100"]
[EventDate "2020.11.27"]
[EventType "swiss"]
[EventRounds "9"]
[EventCountry "USA"]
[SourceTitle "CBM 199 Extra"]
[Source "ChessBase"]
[SourceDate "2021.01.31"]
[SourceVersion "1"]
[SourceVersionDate "2021.01.31"]
[SourceQuality "1"]

1. e4 e6 2. d4 d5 3. Nc3 dxe4 4. Nxe4 Nd7 5. Nf3 Ngf6 6. Nxf6+ Nxf6 7. Bd3 c5 8. 0-0 Be7 9. c3 0-0 10. Be3 b6 11. Qe2 Bb7 12. Rad1 Qc7 13. Ne5 Bd6 14. f4 Nd5 15. Bd2 Rfe8 16. Rf3 g6 17. Rg3 Ne7 18. Qg4 Kg7 19. Re1 Bc8 20. Rh3 Nf5 21. Bxf5 exf5 22. Qg5 Kg8 23. Qh6 f6 24. Nxg6 Rxe1+ 25. Bxe1 Qg7 26. Qxg7+ Kxg7 27. Nh4 cxd4 28. cxd4 Bxf4 29. Rf3 Bc1 30. Bc3 f4 31. d5 Be3+ 32. Kh1 Bg4 33. Rf1 Rd8 34. h3 Bc8 35. Rd1 Be6 36. d6 Bc5 37. Rf1 Rxd6 38. Kh2 Be3 39. g4 Kf7 40. Ng2 Bc4 41. Re1 Re6 42. b3 Bd5 43. Nxe3 fxe3 44. Kg3 Kg6 45. Bd4 e2 46. Kf2 f5 47. gxf5+ Kxf5 48. Rxe2 Rxe2+ 49. Kxe2 Ke4 50. Bf6 a6 1/2-1/2

[Event "World op 48th"]
[Site "ICC INT"]
[Date "2020.08.09"]
[Round "8"]
[White "Samuelson, Andrew"]
[Black "Yang, Kaiqi"]
[Result "0-1"]
[WhiteElo "2111"]
[BlackElo "2481"]
[PlyCount "104"]
[EventDate "2020.08.07"]
[EventType "swiss"]
[EventRounds "9"]
[EventCountry "USA"]
[SourceTitle "CBM 197 Extra"]
[Source "ChessBase"]
[SourceDate "2020.09.30"]
[SourceVersion "1"]
[SourceVersionDate "2020.09.30"]
[SourceQuality "1"]

1. e4 d6 2. d4 Nf6 3. Nc3 Nbd7 4. Nf3 e5 5. g3 Be7 6. Bg2 c6 7. a4 a5 8. 0-0 Qc7 9. Re1 0-0 10. b3 Re8 11. Bb2 Bf8 12. Nb1 exd4 13. Nxd4 Nc5 14. Nd2 Bg4 15. f3 Bd7 16. Nc4 d5 17. e5 dxc4 18. exf6 Rxe1+ 19. Qxe1 cxb3 20. Nxb3 Nxb3 21. cxb3 Qb6+ 22. Kh1 Qxb3 23. Qe5 Re8 24. Qd4 Re2 25. fxg7 Qxb2 26. gxf8Q+ Kxf8 27. Qd6+ Kg7 28. Rg1 Bh3 29. Qf4 h6 30. Qh4 Bxg2+ 31. Rxg2 Rxg2 32. Qg4+ Kf8 33. Qc8+ Ke7 34. Qc7+ Ke6 35. Qc8+ Kd5 36. Qd7+ Kc4 37. Qxf7+ Kc5 38. Qe7+ Kb6 39. Qd8+ Kc5 40. Qe7+ Kc4 41. Qf7+ Kc3 42. Qg7+ Kb3 43. Qf7+ Ka3 44. Qe7+ Kxa4 45. Qe4+ Qb4 46. Kxg2 Qxe4 47. fxe4 Kb4 48. Kf3 a4 49. e5 Kc5 50. Ke4 a3 51. Kf5 a2 52. e6 Kd6 0-1

[Event "World op 48th"]
[Site "ICC INT"]
[Date "2020.08.07"]
[Round "1"]
[White "Samuelson, Andrew"]
[Black "Martinez Alcantara, Jose Eduardo"]
[Result "0-1"]
[WhiteElo "2111"]
[BlackElo "2620"]
[PlyCount "112"]
[EventDate "2020.08.07"]
[EventType "swiss"]
[EventRounds "9"]
[EventCountry "USA"]
[SourceTitle "CBM 197 Extra"]
[Source "ChessBase"]
[SourceDate "2020.09.30"]
[SourceVersion "1"]
[SourceVersionDate "2020.09.30"]
[SourceQuality "1"]

1. e4 e5 2. Bc4 Nf6 3. d3 c6 4. Nf3 Be7 5. 0-0 d6 6. a4 0-0 7. Nbd2 Nbd7 8. Re1 h6 9. Nf1 Re8 10. Ng3 Bf8 11. c3 a5 12. Bb3 Nc5 13. Bc2 Be6 14. d4 Ncd7 15. h3 g6 16. Nh2 d5 17. dxe5 Nxe4 18. Nxe4 dxe4 19. Rxe4 Bd5 20. Rd4 Nxe5 21. Bf4 Qf6 22. Bxe5 Qxe5 23. Ng4 Qg5 24. c4 Be6 25. Qf3 Bg7 26. Rf4 f5 27. Ne3 Be5 28. g3 Bxf4 29. Qxf4 Qxf4 30. gxf4 Rad8 31. Kg2 Rd2 32. Rc1 Kg7 33. Kf3 Kf6 34. b3 g5 35. fxg5+ hxg5 36. Bb1 f4 37. Ng4+ Bxg4+ 38. hxg4 Ree2 39. Rf1 Rb2 40. Bf5 Re7 41. Rd1 Rxb3+ 42. Kg2 Re2 43. Rd6+ Kf7 44. Rd7+ Re7 45. Rd6 Rb4 46. Bc2 Re5 47. Rd7+ Ke8 48. Rg7 Rc5 49. Bf5 Rxa4 50. Rxg5 Raxc4 51. Rg8+ Kf7 52. Rb8 b5 53. Rb7+ Kf6 54. Rh7 Rxf5 55. gxf5 Kxf5 56. Kf3 a4 0-1